StukTV Opdrachten #1 t/m #100 - Statistieken

Algemene statistieken
  • Deze quiz is 6 keer genomen
  • De gemiddelde score is 40 van 100
Antwoordstatistieken
Aflevering Titel % Correct
#41 Dakloos
83%
#37 Gratis Eten
83%
#3 Beestachtig lekker
67%
#17 Dropping (zonder Geld, Kleren, Telefoon)
67%
#43 EPO
67%
#8 Kontje Knal
67%
#58 Lift
67%
#42 Liften
67%
#29 Overnachten in een beddenzaak
67%
#11 Project X Haren
67%
#45 Puberruil XXL
67%
#33 Spookhuis
67%
#51 Van A naar B
67%
#100 Waterpretpark
67%
#34 Back to school
50%
#76 Badkuip
50%
#99 BMX racen met straffen
50%
#56 Caravan Meal
50%
#39 Cheerleaden
50%
#15 Daten met Bejaarden (Giel zoekt vrouw)
50%
#10 De Grote Reis
50%
#5 Drag Queen
50%
#20 Geile Sinterklaas
50%
#48 Graffiti
50%
#92 Gratis kamperen
50%
#54 Hypnotiseren
50%
#75 Kamperen op een rotonde
50%
#6 Kickboxen
50%
#35 Mario Kart
50%
#21 Nu We Er Toch Zijn: Blaricum
50%
#2 Occupy moet stuk
50%
#22 Openingszinnen
50%
#47 Overnachten in een spookstad
50%
#63 Overnachten in een verlaten kasteel
50%
#50 Overnachten in een waterpark
50%
#38 Overnachten op een kerkhof
50%
#30 Paintball
50%
#65 Plafond Taping
50%
#23 Prank Call
50%
#40 Rollercoaster Meal
50%
#61 Schokkend
50%
#44 Stalker
50%
#62 Sumoworstelen
50%
#55 Tatoeage
50%
#46 Tennisballenkanon
50%
#27 Wall Taping
50%
#36 Wasstraat
50%
#52 WC-Papier
50%
#53 Winkelwagen leegruimen
50%
#93 Autoracen
33%
#72 Dierentuin in je woonkamer
33%
#67 Dobbelen
33%
#77 Dragrace
33%
#26 Gallon Smashing
33%
#25 Harlem Shake op topniveau
33%
#85 Illegaal tuinfeest
33%
#1 It's all about the looks!
33%
#14 Los in... Utrecht
33%
#31 Nachtonderzoek
33%
#28 Navelpiercing
33%
#64 Optreden als DJ
33%
#32 Overnachten in een pretpark
33%
#87 Overnachten op een golfbaan
33%
#74 Overnachten op Pampus
33%
#7 Porn in Public
33%
#88 Rollercoaster Meal 2.0
33%
#82 Roze slaapkamer prank
33%
#49 Security Guard
33%
#57 Supermarkt Skiën
33%
#91 Tape een rechte lijn
33%
#9 Van Ruilen komt Huilen
33%
#12 VerSCHRIKkelijke Momenten
33%
#69 Vlot bouwen
33%
#79 Waterjump
33%
#4 Wet pussy shot
33%
#60 Winkelkarten
33%
#68 Woonkamer Makeover
33%
#70 Abseilen
17%
#66 Go To London (zonder geld)
17%
#13 Guinness book of Records
17%
#83 Helikopter Paintball (Real Life COD)
17%
#97 Hindernisbaan met handicap
17%
#95 Kartonnen huis
17%
#18 Levend pakketje
17%
#16 Losgeslagen stier
17%
#89 Manager voor 1 dag
17%
#84 Mobiele woonkamer
17%
#81 Muizenvallen
17%
#78 Ontvoering
17%
#59 Overnachten in een dierentuin
17%
#96 Overnachten in een kampeerwinkel
17%
#19 Overnachten in een zwembad
17%
#92 Schokkend 2.0
17%
#98 Schuimzwembad
17%
#24 Siamese drieling
17%
#86 Van A naar B met handicap
17%
#71 Verkeersborden verwisselen
17%
#80 Verlaten ziekenhuis
17%
#90 Vriend laten schrikken
17%
#73 Scootmobiel racen
0%
Geen overeenkomende quizzen gevonden
Scoreverdeling
Procent van Mensen met Elke Score
Percentiel versus Aantal Correcte Antwoorden
Uw Scoregeschiedenis
U heeft deze quiz nog niet genomen